Budi Bahasa Budaya Kita : Buku Panduan (Record no. 27230)

000 -LEADER
fixed length control field 00843nam a22002297a 4500
001 - CONTROL NUMBER
control field 0000003826
003 - CONTROL NUMBER IDENTIFIER
control field PPM
005 - DATE AND TIME OF LATEST TRANSACTION
control field 20260424103839.0
008 - FIXED-LENGTH DATA ELEMENTS--GENERAL INFORMATION
fixed length control field 260424b ||||| |||| 00| 0 eng d
020 ## - INTERNATIONAL STANDARD BOOK NUMBER
International Standard Book Number 967903075X
Qualifying information Paperback
035 ## - SYSTEM CONTROL NUMBER
System control number 0000003826
040 ## - CATALOGING SOURCE
Language of cataloging Malay
Transcribing agency Pusat Penyelidikan Mineral, Jabatan Mineral Dan Geosains Malaysia
Modifying agency PPM
Description conventions RDA
082 00 - DEWEY DECIMAL CLASSIFICATION NUMBER
Edition number 22
Classification number 395
Item number BUD 2005
245 10 - TITLE STATEMENT
Title Budi Bahasa Budaya Kita : Buku Panduan
260 #1 - PUBLICATION, DISTRIBUTION, ETC.
Place of publication, distribution, etc. Kuala Lumpur :
Name of publisher, distributor, etc. Kementerian Kebudayaan, Kesenian dan Warisan,
Date of publication, distribution, etc. 2005
300 00 - PHYSICAL DESCRIPTION
Extent v, 64 pages .:
Other physical details some colour, illustrations .;
Dimensions 21 cm
650 10 - SUBJECT ADDED ENTRY--TOPICAL TERM
Topical term or geographic name entry element Manners and customs
650 20 - SUBJECT ADDED ENTRY--TOPICAL TERM
Topical term or geographic name entry element Etiquette
General subdivision Handbooks, manuals, etc.
650 20 - SUBJECT ADDED ENTRY--TOPICAL TERM
Topical term or geographic name entry element Malays (Asian people)
General subdivision Social life and customs
710 2# - ADDED ENTRY--CORPORATE NAME
Corporate name or jurisdiction name as entry element Malaysia.
Subordinate unit Kementerian Perpaduan, Kebudayaan, Kesenian dan Warisan
942 ## - ADDED ENTRY ELEMENTS (KOHA)
Source of classification or shelving scheme
Koha item type Books
Holdings
Withdrawn status Lost status Source of classification or shelving scheme Damaged status Not for loan Collection code Permanent Location Current Location Shelving location Date acquired Total Checkouts Full call number Date last seen Price effective from Koha item type
Available         Open Shelf PPM PPM Open Shelf 24/04/2026   395 BUD 2005 24/04/2026 24/04/2026 Books